00350nam a2200133Ia 4500008004100000020001600041040001800057041001200075082001500087100002100102245002400123260005400147300001500201230917s9999||||xx |||||||||||||| ||und|| cRs. 1225.00 e5005344aMAIN aEnglish a512.23 I1F aIsaacs, I Martin 0aFinite group theory aRhode IslandbAmerican Mathematical Societyc2019 axi, 351 p.